| 000 -CABECERA |
| Longitud fija campo de control |
00724nam a22001934a 4500 |
| 008 - CÓDIGOS DE INFORMACIÓN DE LONGITUD FIJA |
| Códigos de información de longitud fija |
020405m19811982spc 000 1 spa|| |
| 020 ## - NÚMERO INTERNACIONAL NORMALIZADO PARA LIBROS |
| Número Internacional Normalizado para Libros (ISBN) |
8402087183 |
| 035 ## - NÚMERO DE CONTROL DEL SISTEMA |
| Número de control del sistema |
0277-18560 |
| -- |
ES-BaSLP035 |
| 040 ## - FUENTE DE LA CATALOGACIÓN |
| Centro catalogador de origen |
ES-BaSLP |
| Lengua de catalogación |
cat |
| Centro transcriptor |
ES-BaSLP |
| 080 ## - NÚMERO DE LA CLASIFICACIÓN DECIMAL UNIVERSAL |
| Número de la Clasificación Decimal Universal |
860(861)-92"19" |
| 100 1# - PUNTO DE ACCESO PRINCIPAL-NOMBRE DE PERSONA |
| Nombre de persona |
García Márquez, Gabriel |
| 245 10 - MENCIÓN DE TÍTULO |
| Título |
Obra periodística / |
| Mención de responsabilidad, etc. |
Gabriel García Márquez ; recopilación y prólogo de Jacques Gilard. |
| 250 ## - MENCIÓN DE EDICIÓN |
| Mención de edición |
3a ed. |
| 260 ## - PUBLICACIÓN, DISTRIBUCIÓN, ETC. (PIE DE IMPRENTA) |
| Lugar de publicación, distribución, etc. |
Barcelona : |
| Nombre del editor, distribuidor, etc. |
Bruguera, |
| Fecha de publicación, distribución, etc. |
1981-1982. |
| 300 ## - DESCRIPCIÓN FÍSICA |
| Extensión |
3 vol. ; |
| Dimensiones |
19 cm. |
| 490 1# - MENCIÓN DE SERIE |
| Mención de serie |
Narradores de hoy / Bruguera ; |
| Designación de volumen o secuencia |
48, 65, 67, 76 |
| 505 8# - NOTA DE CONTENIDO CON FORMATO |
| Nota de contenido con formato |
Conté: 1. Textos costeños -- 2.-3. Entre cachacos -- 4. De Europa y América |
| 830 #0 - PUNTO DE ACCESO ADICIONAL DE SERIE - TÍTULO UNIFORME |
| Título uniforme |
Narradores de hoy (Bruguera) ; |
| Designación de volumen o secuencia |
48, 65, 67, 76 |